[Event "ROM-ch U08"]
[Site "Calimanesti"]
[Date "2015.04.06"]
[Round "9"]
[White "Gidinceanu, Nichita"]
[Black "Nastore, Pavel Alexandru"]
[Result "0-1"]
[WhiteElo "1047"]
[BlackElo "1192"]
[PlyCount "66"]
[EventDate "2015.03.30"]
[EventType "swiss"]
[EventRounds "9"]
[EventCountry "ROU"]
[SourceTitle "CBM 165 Extra"]
[Source "ChessBase"]
[SourceDate "2015.04.21"]
[SourceVersion "1"]
[SourceVersionDate "2015.04.21"]
[SourceQuality "1"]

1. e4 c5 2. Nf3 Nc6 3. d4 cxd4 4. Nxd4 g6 5. Nc3 Bg7 6. Nxc6 bxc6 7. Bc4 e6 8. Bd2 Ne7 9. 0-0 0-0 10. Qf3 d5 11. exd5 cxd5 12. Bd3 e5 13. Qe2 e4 14. Ba6 Be6 15. Rfd1 h5 16. Bc1 Bg4 17. Qe1 Bxd1 18. Qxd1 Qd6 19. Qf1 Be5 20. g3 Kg7 21. Be3 f5 22. Be2 a6 23. Bg5 Nc6 24. Qc1 Rh8 25. Qe1 Nd4 26. Rc1 Nxe2+ 27. Qxe2 d4 28. Nd1 Rac8 29. f4 exf3 30. Qxf3 Qc5 31. Kh1 Qc6 32. Qxc6 Rxc6 33. a4 Rhc8 0-1

[Event "ROM-ch U08"]
[Site "Calimanesti"]
[Date "2015.04.03"]
[Round "6"]
[White "Gidinceanu, Nichita"]
[Black "Alexandrescu, Bogdan Gabriel"]
[Result "1-0"]
[WhiteElo "1047"]
[BlackElo "1167"]
[PlyCount "27"]
[EventDate "2015.03.30"]
[EventType "swiss"]
[EventRounds "9"]
[EventCountry "ROU"]
[SourceTitle "CBM 165 Extra"]
[Source "ChessBase"]
[SourceDate "2015.04.21"]
[SourceVersion "1"]
[SourceVersionDate "2015.04.21"]
[SourceQuality "1"]

1. d4 d5 2. c4 e5 3. Nf3 e4 4. Ne5 f6 5. Ng4 Bxg4 6. f3 exf3 7. exf3 Bf5 8. Be2 dxc4 9. 0-0 Nc6 10. Re1 Qxd4+ 11. Qxd4 Nxd4 12. Bd3+ Kd8 13. Bxf5 Nc6 14. Rd1+ 1-0

[Event "ROM-ch U08"]
[Site "Calimanesti"]
[Date "2015.04.02"]
[Round "4"]
[White "Gidinceanu, Nichita"]
[Black "Balan, Octavian"]
[Result "1-0"]
[WhiteElo "1047"]
[BlackElo "1001"]
[PlyCount "113"]
[EventDate "2015.03.30"]
[EventType "swiss"]
[EventRounds "9"]
[EventCountry "ROU"]
[SourceTitle "CBM 165 Extra"]
[Source "ChessBase"]
[SourceDate "2015.04.21"]
[SourceVersion "1"]
[SourceVersionDate "2015.04.21"]
[SourceQuality "1"]

1. d4 d5 2. c4 Bf5 3. Nf3 Bxb1 4. Rxb1 dxc4 5. e4 Nc6 6. Be3 e5 7. d5 Bb4+ 8. Bd2 Bxd2+ 9. Qxd2 Nf6 10. dxc6 Qxd2+ 11. Nxd2 bxc6 12. Bxc4 0-0 13. 0-0 Rad8 14. Rfd1 Rd4 15. Bb3 Nxe4 16. Nxe4 Rxe4 17. Rd3 Rd4 18. Rh3 Rfd8 19. Bc2 g6 20. Re3 Rd2 21. Bb3 Re8 22. Rf3 Rf8 23. h3 e4 24. Rc3 Rd6 25. Rbc1 Rc8 26. Rxc6 Rxc6 27. Rxc6 Kg7 28. Bc2 f5 29. Kh2 a5 30. Ra6 Rd8 31. Rxa5 Rd2 32. Rc5 Rxf2 33. Rxc7+ Kh6 34. a4 e3 35. Re7 Rxc2 36. Rxe3 Rxb2 37. Ra3 Rb8 38. Kg3 Ra8 39. Kf4 Kg7 40. Ke5 Kf7 41. Kd6 Ke8 42. Kc7 Ra5 43. Kb6 Ra8 44. a5 Kd8 45. Kb7 Rc8 46. a6 Rc7+ 47. Kb6 Kc8 48. a7 Rb7+ 49. Kc6 Rc7+ 50. Kd6 Rd7+ 51. Ke6 Rxa7 52. Rxa7 g5 53. Kd6 f4 54. Rxh7 Kb8 55. Kc6 Ka8 56. Kb6 f3 57. Rh8# 1-0

[Event "ROM-ch U08"]
[Site "Calimanesti"]
[Date "2015.04.02"]
[Round "5"]
[White "Oprica, Robert Gabriel"]
[Black "Gidinceanu, Nichita"]
[Result "0-1"]
[WhiteElo "1001"]
[BlackElo "1047"]
[PlyCount "60"]
[EventDate "2015.03.30"]
[EventType "swiss"]
[EventRounds "9"]
[EventCountry "ROU"]
[SourceTitle "CBM 165 Extra"]
[Source "ChessBase"]
[SourceDate "2015.04.21"]
[SourceVersion "1"]
[SourceVersionDate "2015.04.21"]
[SourceQuality "1"]

1. e4 e5 2. Nf3 Nc6 3. Bb5 d6 4. h3 a6 5. Bxc6+ bxc6 6. 0-0 Nf6 7. Nc3 Be7 8. d3 0-0 9. b3 Bb7 10. Re1 c5 11. Rb1 Qd7 12. b4 Rab8 13. bxc5 dxc5 14. Nxe5 Qd4 15. Nf3 Qxc3 16. Bb2 Qa5 17. Bxf6 Bxf6 18. e5 Bxf3 19. gxf3 Rxb1 20. Qxb1 Re8 21. f4 h6 22. Kf1 Bd8 23. f5 Qb5 24. Qxb5 axb5 25. e6 c6 26. exf7+ Kxf7 27. Rxe8 Kxe8 28. c4 Ke7 29. Ke2 Kf6 30. Ke3 Kxf5 0-1

[Event "ROM-ch U08"]
[Site "Calimanesti"]
[Date "2015.03.31"]
[Round "2"]
[White "Gidinceanu, Nichita"]
[Black "Derevenciuc, Dragos Cristian"]
[Result "1-0"]
[WhiteElo "1047"]
[BlackElo "1001"]
[PlyCount "81"]
[EventDate "2015.03.30"]
[EventType "swiss"]
[EventRounds "9"]
[EventCountry "ROU"]
[SourceTitle "CBM 165 Extra"]
[Source "ChessBase"]
[SourceDate "2015.04.21"]
[SourceVersion "1"]
[SourceVersionDate "2015.04.21"]
[SourceQuality "1"]

1. d4 d5 2. c4 dxc4 3. e3 Be6 4. Nf3 Nc6 5. Nc3 Qd7 6. d5 0-0-0 7. dxe6 Qxe6 8. Bd2 b6 9. Ng5 Qg6 10. Nf3 Nb4 11. a3 Nc2+ 12. Ke2 Nxa1 13. Qxa1 Qd3+ 14. Ke1 Nf6 15. Bxd3 Rxd3 16. Ne5 Rd6 17. Nxf7 Rg8 18. Nxd6+ cxd6 19. f3 d5 20. Qb1 Rh8 21. Qf5+ e6 22. Qxe6+ Nd7 23. Qxd5 Nf6 24. Qxc4+ Bc5 25. Na4 Nd7 26. Bb4 Re8 27. Qa6+ Kd8 28. Qxa7 Rxe3+ 29. Kd2 h5 30. Bxc5 Re5 31. Bxb6+ Ke7 32. Bc5+ Rxc5 33. Re1+ Kf6 34. Nxc5 Nxc5 35. Qe7+ Kg6 36. a4 Nxa4 37. Re6+ Kh7 38. Rd6 Nxb2 39. Rd7 Nc4+ 40. Kc3 Nb6 41. Qxg7# 1-0